[Event "Budapest Spring Festival 2018"]
[Site "Budapest"]
[Date "2018.04.18"]
[Round "1"]
[White "Chylewski, Patryk"]
[Black "Kulaots, Kaido"]
[Result "0-1"]
[WhiteElo "2322"]
[BlackElo "2578"]
[Annotator "TA"]
[PlyCount "126"]
[EventDate "2018.??.??"]
[EventType "swiss"]
[EventCountry "HUN"]
[SourceTitle "playchess.com"]
[Source "ChessBase"]
[SourceQuality "1"]

{[%evp 20,126,0,0,22,21,13,20,12,0,0,0,0,0,25,0,18,0,0,-16,-17,-18,-16,-16,-8,-37,-31,-13,0,-28,-11,-39,-24,-25,-18,-20,-17,-16,-11,-141,19,-131,-96,-87,-82,-150,-117,-159,-64,-83,-54,-197,-31,-94,0,-169,0,-33,0,-87,0,-42,0,-74,-72,-67,-70,-70,-60,-60,-62,-54,0,0,0,0,0,-16,0,0,0,-669,-658,-580,-76,-77,-88,-645,-668,-641,-659,-649,-646,-584,-576,-511,-64,-29972,-29973,-29971,-29974,-29974,-29975,-29973,0,-884,0,-29973,-29968]} 1. d4 Nf6 2. c4 e6 3. Nf3 Bb4+ 4. Nbd2 O-O 5. a3 Be7 6. g3 b6 7. Bg2 Bb7 8. O-O c5 9. b3 {E16: Queen's Indian: 4 g3 Bb7 5 Bg2 Bb4+} cxd4 10. Bb2 Qc7 11. Nxd4 {LiveBook: 5 Games. The position is equal.} a6 $146 ({Predecessor:} 11... Bxg2 12. Kxg2 Nc6 13. N2f3 Rfd8 14. Rc1 Rac8 15. Qd3 Qb7 16. Nxc6 dxc6 {½-½ (38) Wojtaszek,R (2622)-Navara,D (2719) Ermioni Argolidas 2006}) 12. e4 d6 13. Qe2 Nc6 14. f4 Nxd4 15. Bxd4 Nd7 16. Rac1 Rac8 17. b4 Qb8 18. Qe3 Bc6 19. e5 dxe5 20. fxe5 Bxg2 21. Kxg2 a5 22. Rb1 axb4 23. axb4 Qc7 24. Rfc1 Rfd8 25. Rc2 Rb8 26. Qe4 Ra8 27. c5 bxc5 28. bxc5 Ra4 {[%cal Rd7c5]} (28... Nxc5 $2 29. Bxc5 Bxc5 30. Nb3 $18) (28... Bxc5 29. Nb3 $16) 29. Qe3 (29. Rb7 $11 {remains equal.} Qc8 30. Nc4 Nxc5 31. Bxc5 Qxc5 32. Nd6 Rxe4 33. Rxc5 Bxd6 34. exd6) 29... h6 $2 (29... Nb8 $1 $17 30. Rc4 Ra2) 30. h4 (30. c6 $11) 30... Nb6 $36 {[%mdl 2048] Keeping White busy.} 31. Nf3 Nd5 32. Qf2 (32. Qe2 $142) 32... Qc6 33. Kh2 Ra3 (33... Nb4 $1 $17 {[%cal Rb4c2]} 34. Rd2 Qe4) 34. Nd2 $15 Rd3 {White must now prevent ...Nf4!} 35. Rc4 (35. Nc4 $1 $15) 35... Qa6 $2 (35... f5 $19 36. Rb3 Rxb3 37. Nxb3 Qb5) 36. Rbc1 (36. Ra1 $1 $15 Qc6 37. Raa4) 36... Qc6 (36... f5 $17 37. c6 Ba3) 37. Rf1 $2 (37. Ne4 $11 {and White has nothing to worry.}) 37... Rf8 $2 ({Better is} 37... f5 $1 $19 {aiming for ...f4!} 38. Qe2 Ra3) 38. Ra1 Qb5 39. Rac1 (39. Rb1 $11 {keeps the balance.} Qc6 40. Ne4) 39... Qc6 40. Ra1 Qb5 41. Rac1 f5 42. exf6 Bxf6 43. Bxf6 ({Not} 43. Qe2 $2 Rxd4 44. Qxe6+ Kh7 $19) 43... Rxf6 44. Qe2 $1 {[%cal Re2d3]} Re3 45. Qg2 Qb2 ({Black should play} 45... Rf8 $15 46. c6 Nb6) 46. c6 $11 {c7 is the strong threat.} Qe5 {Threatens to win with ...Re2.} 47. Re4 Rxe4 48. Nxe4 Rf7 49. Rc5 Qd4 50. Qc2 $2 {[%mdl 8192]} (50. Qe2 $11) 50... Ne3 $1 $19 {[%cal Re3c2]} 51. Qb1 {Hoping for c7.} Nf1+ $2 (51... Rf1 $1 $19 {[%cal Rf1b1] and Black stays clearly on top.} 52. Rc1 (52. Qb8+ {is a self mate.} Kh7 53. Rc1 Rxc1 54. Qf4 Qd1 55. Ng5+ hxg5 56. Qe4+ g6 57. g4 gxh4 58. Qg2 Nxg2 59. Kxg2 Qf1+ 60. Kh2 Qh1#) 52... Rxc1 53. Qxc1 Qxe4) 52. Kg2 $17 {And now c7 would win.} Nd2 $1 {[%cal Rd2b1]} 53. Qb8+ $2 {[%mdl 8192]} (53. c7 $17 Rxc7 54. Qb8+ Kh7 55. Rxc7 Qxe4+ 56. Kf2) 53... Kh7 $19 54. Qe5 {[#]} Qd3 $1 {[%cal Rd3f1]} (54... Qxe4+ 55. Qxe4+ Nxe4 56. c7 $17) 55. Nxd2 Qxd2+ {[%mdl 4096] Endgame KQR-KQR} 56. Kh3 {[#]} Rf2 $1 {[%cal Rf2h2] ( -> ...Rh2+)} 57. Qe4+ g6 58. Rb5 $2 {[%mdl 8192]} (58. Qh1 $15 h5 59. Re5 (59. c7 Qb4 $17)) 58... Rh2+ 59. Kg4 Qd1+ 60. Qf3 Qa4+ 61. Qf4 Qd1+ (61... h5+ $142 62. Rxh5+ gxh5+ 63. Kxh5 Qxf4 64. gxf4 Rg2 65. c7 Rg8 66. c8=Q Rxc8 67. Kg4 Kg6 68. h5+ Kf6 69. h6 Rh8 70. Kg3 Kf5 71. Kh4 Rxh6+ 72. Kg3 Rh7 73. Kf3 Rh6 74. Kg3 Rg6+ 75. Kf3 Rh6 76. Ke3 Rh3+ 77. Ke2 Kxf4 78. Kd2 Rh2+ 79. Kd3 e5 80. Kc4 e4 81. Kc3 e3 82. Kd3 e2 83. Kd2 Kf3 84. Ke1 Rh1+ 85. Kd2 e1=Q+ 86. Kc2 Qb1+ 87. Kc3 Rc1+ 88. Kd4 Qe4#) 62. Qf3 Qa4+ (62... h5+ $19 63. Kf4 Re2 64. Rxh5+ Kg8) 63. Qf4 h5+ {Precision: White = 37%, Black = 46%.} 0-1

[Event "Budapest Spring Festival 2018"]
[Site "Budapest"]
[Date "2018.04.18"]
[Round "1"]
[White "Hacker, Jonas"]
[Black "Donchenko, Alexander"]
[Result "0-1"]
[WhiteElo "2310"]
[BlackElo "2574"]
[Annotator "TA"]
[PlyCount "128"]
[EventDate "2018.??.??"]
[EventType "swiss"]
[EventCountry "HUN"]
[SourceTitle "playchess.com"]
[Source "ChessBase"]
[SourceQuality "1"]

{[%evp 19,128,39,41,22,24,-15,-20,-10,-10,-100,-16,-41,-37,-51,-41,-47,-44,-38,0,0,302,-34,-31,-31,-34,-39,-34,-26,-26,-31,-31,-76,0,-81,-77,-71,-59,-73,-66,-120,-115,-122,-105,-191,-119,-123,-119,-121,-95,-146,-95,-95,-88,-109,-95,-95,-73,-95,-98,-100,-103,-92,-93,-185,-173,-177,-133,-146,-119,-119,-119,-127,-108,-112,-59,-69,-55,-170,-170,-170,0,-108,-103,-104,-104,-104,-104,-147,-148,-144,-147,-147,-112,-104,0,-110,-97,-102,-98,-98,-85,-106,-106,-125,-121,-420,-420,-418,-133,-412,-410]} 1. e4 c5 2. Nf3 d6 3. d4 cxd4 4. Nxd4 Nf6 5. Nc3 a6 6. Bg5 Nbd7 7. Qe2 {B94: Sicilian Najdorf: 6 Bg5 Nbd7} (7. Bc4 h6 8. Bh4 g6 9. Qe2 e5 10. Nb3 Be7 11. a4 Nb6 12. Bd3 Be6 13. a5 Nbd7 14. Bc4 Rc8 15. Bxe6 fxe6 16. O-O {1-0 (79) Nepomniachtchi,I (2751)-Fedoseev,V (2724) Moscow 2018}) 7... h6 8. Bh4 g6 9. f4 e5 10. fxe5 dxe5 {LiveBook: 73 Games} 11. Nb3 Bb4 12. O-O-O $146 ({Predecessor:} 12. Qf3 Bxc3+ 13. bxc3 Qb6 14. Bd3 O-O {½-½ (31) Boldysh,M (2384)-Gnutov,Y (2522) ICCF email 2016}) 12... Bxc3 $1 13. bxc3 Qe7 14. Kb1 (14. Qf3 $11) 14... b5 (14... Nb6 $1 $17 {[%cal Rb6a4] aiming for ...Na4.} 15. Qf2 Nxe4) 15. g4 Rb8 16. Qf3 $1 Qe6 $1 17. h3 Bb7 18. Bd3 Rc8 19. Rhf1 {[%cal Rh4f6]} Nh7 $2 {[%mdl 8192] [#]} (19... g5 $11 {and Black stays safe.} 20. Be1 O-O) 20. Qe3 $2 (20. Bxb5 $1 $18 {[%mdl 512]} axb5 21. Rd6 $1 {[%mdl 512]}) 20... Ng5 21. Be1 Qb6 $36 {[%mdl 2048] Black is pushing.} 22. Qg3 Qc7 23. h4 Ne6 24. Bd2 Nb6 25. Qf3 Qe7 (25... Na4 $17 {Hoping for ...Nf4.} 26. Qf6 O-O) 26. Qf6 (26. c4 $11 bxc4 27. Bb4 $1 {[%mdl 512]}) 26... Qxf6 $17 27. Rxf6 h5 28. g5 O-O {[%cal Bh8f8,Bf8d8,Bd8d7][%mdl 32]} 29. Bc1 (29. Kc1 $15) 29... Na4 30. Re1 Rfd8 31. Ba3 (31. Ka1 $17) 31... Nxc3+ (31... Nf4 $19 32. Bd6 Ng2) 32. Ka1 Na4 33. Bb4 Rd7 34. Na5 (34. Re3 $142) 34... Ba8 (34... Nac5 $142 35. Nxb7 Nxb7) 35. Nb3 Rc6 36. Na5 Rb6 37. Nb3 Bb7 38. Ba5 Rc6 39. Bb4 Nf4 40. Rxc6 Bxc6 41. Nc5 (41. Rc1 $17 {was worth a try.}) 41... Nxc5 $19 42. Bxc5 f6 43. gxf6 Nxd3 44. cxd3 Rxd3 $17 {[%mdl 4096] Endgame KRB-KRB} 45. Be3 Kf7 46. Bg5 b4 ({Black should try} 46... Ke6 $17 47. Rc1 Bxe4) 47. Kb2 $1 $15 Rc3 48. Bd2 (48. Rd1 $1 $15) 48... Rf3 $1 $19 {[%cal Rf3f2] White must now prevent ...Rf2.} 49. Bg5 Rc3 ({Black should play} 49... Ke6 $19 50. Re3 Rxe3 51. Bxe3 Bxe4) 50. Bd2 $17 Rc4 51. Kb3 Rd4 52. Bg5 Bxe4 53. a3 Bd5+ 54. Kb2 bxa3+ 55. Kxa3 Ke6 56. Rf1 {[#]} Kf7 (56... Rd3+ $1 $17 57. Kb4 Rf3 58. Rxf3 Bxf3) 57. Rc1 (57. Re1 $11 {remains equal.}) 57... Bc4 58. Kb4 Bb5+ 59. Ka5 Rd7 60. Re1 Ke6 61. Bf4 Kxf6 62. Rxe5 $2 {[%mdl 8192]} (62. Bxe5+ $17 Kf5 63. Bh8) 62... Rd4 $19 63. Bg3 Ra4+ 64. Kb6 {[#]} Rxh4 $1 {[%mdl 512] Precision: White = 44%, Black = 61%.} 0-1

[Event "Budapest Spring Festival 2018"]
[Site "Budapest"]
[Date "2018.04.18"]
[Round "1"]
[White "Zentai, Peter"]
[Black "Ivanisevic, Ivan"]
[Result "1-0"]
[WhiteElo "2304"]
[BlackElo "2562"]
[Annotator "TA"]
[PlyCount "107"]
[EventDate "2018.??.??"]
[EventType "swiss"]
[EventCountry "HUN"]
[SourceTitle "playchess.com"]
[Source "ChessBase"]
[SourceQuality "1"]

{[%evp 13,107,33,45,40,56,9,64,59,58,26,70,52,57,39,135,127,116,127,130,122,128,113,229,227,212,77,52,81,132,124,158,138,143,137,232,174,367,362,410,500,523,521,487,495,497,480,489,508,565,590,693,695,815,752,728,720,712,714,718,702,760,747,699,660,797,795,710,597,681,0,727,708,818,821,867,855,1018,1444,1410,1400,1381,1360,1245,1220,2774,4140,2127,1520,29977,29976,5727,1985,29997,29974,29971,12837]} 1. d4 Nf6 2. c4 e6 3. Nc3 Bb4 4. Qc2 d5 5. a3 Bxc3+ 6. Qxc3 Ne4 7. Qc2 e5 {LiveBook: 39 Games} 8. dxe5 {E37: Nimzo-Indian: Classical: 4...d5 5 a3 Bxc3+ 6 Qxc3 Ne4} (8. cxd5 Qxd5 9. f3 Nd6 10. dxe5 Qxe5 11. e4 f5 12. Bd3 fxe4 13. fxe4 Bg4 14. Nf3 Bxf3 15. gxf3 Nc6 {½-½ (59) L'Ami,E (2618)-Moiseenko,A (2701) Doha 2014}) 8... Bf5 9. Qb3 (9. f3 $2 Qh4+ 10. g3 Nxg3 $19) 9... dxc4 $146 ({Don't go for} 9... Qh4 $2 10. Be3 $18 (10. g3 Qd8 $18)) (9... c5 $11 10. Qxb7 dxc4) ({Predecessor:} 9... Nc5 10. Qg3 O-O 11. b4 Ne4 12. Qb3 dxc4 13. Qxc4 b5 14. Qd3 Qe7 15. Bb2 Nc6 16. Qxb5 Nxf2 17. Kxf2 {1-0 (17) Ramme,C (2116)-Lohse,M (2021) Hamburg 2017}) 10. Qxc4 $14 {White is slightly better.} Nd7 11. Nf3 O-O {[#]} 12. g4 $1 {[%mdl 512]} Bg6 (12... Bxg4 13. Qxe4) 13. Bg2 b5 ({Better is} 13... Nb6 $14 14. Qb3 Qd7) 14. Qxb5 Rb8 15. Qc4 Nb6 16. Qc6 Re8 17. Be3 Re6 (17... Nd5 $16) 18. Qc1 $18 c5 19. Bxc5 (19. O-O $18 {and White stays clearly on top.}) 19... Rc6 $16 20. b4 Na4 (20... Nxc5 $142 21. O-O (21. bxc5 Qc7 $14) 21... Rbc8 22. bxc5 Rxc5) 21. O-O {Threatens to win with Qe3.} Naxc5 22. bxc5 Rxc5 23. Qe3 Qb6 (23... Rbc8 $16) 24. h4 {Strongly threatening h5.} h6 $2 {[#]} (24... Nc3 25. h5 Be4) 25. Rab1 $1 $18 Qxb1 26. Rxb1 Rxb1+ 27. Kh2 Rbc1 28. Qd4 Rc8 29. e6 R1c4 30. Qxa7 Nf6 31. Ne5 R4c7 32. Qd4 Re7 33. exf7+ Bxf7 34. Nxf7 Kxf7 35. g5 hxg5 36. hxg5 Nd7 37. Bd5+ Ke8 38. e3 Rc2 39. Kg3 Rc1 40. Qa4 {Black must now prevent Qa8+.} Kd8 41. Qd4 $2 (41. Qa5+ $18 Rc7 42. e4) 41... Rg1+ $2 {[%mdl 8192]} (41... Ke8 $11 42. f4 Rg1+ 43. Kf3 Rc1) 42. Bg2 Rc1 43. a4 {[%cal Ba3a4,Ba4a5][%mdl 32]} Kc7 44. f4 {[%cal Bf2f4,Bf4f5][%mdl 32]} Nc5 45. a5 Rc2 46. Bf3 Rd7 47. Qe5+ Kd8 48. f5 Nd3 49. Qb8+ Ke7 50. Qb3 Rc5 51. Qe6+ Kd8 52. Bc6 (52. a6 $142 Rc8 53. Bb7) 52... Ra7 53. Qg8+ Kc7 54. Qxg7+ {Precision: White = 69%, Black = 33%.} 1-0

[Event "Budapest Spring Festival 2018"]
[Site "Budapest"]
[Date "2018.04.18"]
[Round "1"]
[White "Szieberth, Adam"]
[Black "Maiorov, Nikita"]
[Result "0-1"]
[WhiteElo "2298"]
[BlackElo "2543"]
[Annotator "TA"]
[PlyCount "112"]
[EventDate "2018.??.??"]
[EventType "swiss"]
[EventCountry "HUN"]
[SourceTitle "playchess.com"]
[Source "ChessBase"]
[SourceQuality "1"]

{[%evp 9,112,-4,-4,-4,-5,-1,0,0,0,-4,0,-34,-40,-47,-42,-73,-68,-73,-68,-70,-65,-75,-19,-92,-93,-110,-106,-126,-129,-128,-147,-166,-181,-177,-141,-155,-144,-195,-195,-207,-204,-208,-192,-259,-238,-299,-295,-291,-234,-243,-236,-368,-349,-428,-333,-436,0,-425,-410,-404,-393,-464,-494,-478,-458,-449,-371,-596,-596,-586,-575,-535,-508,-848,-440,-551,-551,-780,-798,-751,-780,-690,-732,-825,-660,-740,-618,-12839,-12840,-12838,-12831,-12839,-12839,-12843,-12841,-12843,-12844,-12844,-12845,-12845,-12845,-12847,-12847,-12847,-12847]} 1. e4 c6 2. b3 d5 3. exd5 cxd5 4. Bb2 Nc6 5. Nf3 Nf6 {LiveBook: 3 Games} (5... Bg4 6. h3 Bh5 7. Bb5 e6 8. g4 Bg6 9. Ne5 Nge7 10. h4 h5 11. Nxg6 Nxg6 12. g5 {1-0 (41) Chigaev,M (2526)-Pustovoitova,D (2356) Minsk 2015}) 6. Bb5 {B10: Caro-Kann: 2 d3 and 2 c4} Bg4 7. h3 Bxf3 $146 ({Predecessor:} 7... Bh5 8. g4 Bg6 9. Ne5 Rc8 10. h4 d4 11. O-O Qd5 12. Qe2 {1-0 (39) Tamarkin,L (2195)-Josenhans,D (2245) Mineola 1993}) 8. Qxf3 {The position is equal.} ({Much worse is} 8. gxf3 e6 $15) 8... e6 9. c4 a6 10. Bxf6 (10. cxd5 {looks sharper.} Qxd5 11. Bxc6+ bxc6 12. Ke2 Rc8 13. Nc3) 10... Qxf6 11. Qxf6 gxf6 12. cxd5 axb5 13. dxc6 bxc6 14. a4 Rg8 $36 {[%mdl 2048] White is under pressure.} 15. g4 {[#]} Rg5 (15... h5 $1 $17 {[%mdl 512]} 16. f3 (16. gxh5 Rg5) 16... f5 17. gxh5 Ke7) 16. f4 (16. Nc3 $11) 16... Rd5 $17 17. Nc3 {[#]} Rd4 $1 18. f5 Bh6 19. Rh2 b4 20. Nd1 Rd3 21. Rb1 Rad8 {[%cal Rh6d2]} 22. Rb2 Bf4 23. Re2 {[#]} (23. Rg2 $17) 23... Be5 $1 $19 {[%cal Re5b2]} 24. Rb1 Rxh3 {Strongly threatening ...Rh1+.} 25. Nf2 Rg3 {[%cal Rg3g1]} 26. Kd1 (26. Kf1 $142) 26... Rd5 27. Ne4 Rxg4 28. Kc2 Kf8 29. Rf1 Kg7 30. d3 (30. fxe6 $142 fxe6 31. Nf2) 30... h5 {[%cal Bh7h5,Bh5h4][%mdl 32]} 31. Nd2 Rg3 32. Ne4 Rg4 33. Nd2 $1 exf5 34. Rxf5 Kg6 35. Ref2 h4 36. R5f3 Bd4 37. Re2 Rh5 38. Re8 $2 (38. Rh2 {was necessary.}) 38... Kg7 {Black is clearly winning.} 39. Rh3 Rg3 40. Rh1 Be5 41. a5 (41. d4 $142 Bxd4 42. Rd8 Rc3+ 43. Kb1) 41... Bc7 42. Nc4 {With the idea a6.} Bxa5 43. Nxa5 Rxa5 44. Rxh4 {[%mdl 4096] Endgame KRR-KRR} Ra2+ 45. Kb1 Rf2 {( -> ...Rg1+)} 46. Re1 c5 47. Rc4 Rxd3 48. Rxc5 Rxb3+ 49. Ka1 Ra3+ 50. Kb1 Raa2 51. Re3 Rfb2+ 52. Kc1 Rg2 {[%cal Ra2a1]} 53. Kb1 Rab2+ 54. Kc1 b3 55. Rc7 Ra2 {[%cal Ra2a1]} 56. Kb1 Rac2 {Precision: White = 48%, Black = 80%.} 0-1

[Event "Budapest Spring Festival 2018"]
[Site "Budapest"]
[Date "2018.04.18"]
[Round "1"]
[White "Ilic, Zoran S"]
[Black "Antal, Gergely"]
[Result "1/2-1/2"]
[WhiteElo "2294"]
[BlackElo "2534"]
[Annotator "TA"]
[PlyCount "64"]
[EventDate "2018.??.??"]
[EventType "swiss"]
[EventCountry "HUN"]
[SourceTitle "playchess.com"]
[Source "ChessBase"]
[SourceQuality "1"]

{[%evp 22,64,14,17,30,21,75,68,72,86,85,74,83,82,110,94,98,95,87,79,99,54,59,67,71,66,95,93,85,85,99,103,104,128,105,45,45,51,68,50,145,72,110,55,136]} 1. d4 Nf6 2. Nf3 g6 3. c4 Bg7 4. g3 c6 5. Bg2 d5 6. Qa4 O-O 7. O-O Ne4 8. Nc3 Nd7 9. cxd5 Nxc3 10. bxc3 cxd5 {D78: Fianchetto Grünfeld: 6 0-0 c6} 11. Bf4 Nb6 12. Qb3 {LiveBook: 5 Games} Bf5 {The position is equal.} 13. Nd2 Qd7 (13... h6 $11 {remains equal.}) (13... Rc8 14. a4 Qd7 15. Rfe1 Bf6 16. a5 Nc4 17. Nxc4 Rxc4 18. e4 {0-1 (57) Maiorov,N (2596)-Stupak,K (2557) Minsk 2015}) 14. a4 $16 {[%cal Ba2a4,Ba4a5][%mdl 32]} Rad8 $146 ({Predecessor:} 14... Rac8 15. Rfe1 Nc4 16. Nxc4 Rxc4 17. e4 Be6 18. exd5 Bxd5 19. Bxd5 Qxd5 20. Rxe7 Rxd4 21. Qxd5 Rxd5 22. Rxb7 Bxc3 {1-0 (67) Vadasz,L (2285)-Dolgener,T (2260) Budapest 2000}) 15. a5 Nc8 16. Ra4 {[%cal Ba1a4,Ba4b4,Bb4b5][%mdl 32]} h6 17. h4 Kh7 18. Rb4 b6 19. Ra1 f6 20. axb6 axb6 21. Rb5 {[%cal Rb5d5]} Be6 22. Qb1 Kh8 23. e4 {Black must now prevent exd5.} dxe4 24. Bxe4 g5 25. hxg5 fxg5 26. Be5 Bxe5 27. Rxe5 Rf6 28. Qb5 (28. Bd3 $16) 28... Qxb5 $14 29. Rxb5 Bd7 30. Re5 e6 (30... Kg7 $14) 31. Bd3 (31. Ra6 $142) 31... Kg7 32. Ra8 (32. Rb1 $16) 32... Bc6 {Precision: White = 58%, Black = 51%.} ({Black should try} 32... Rdf8 $1 $14) 1/2-1/2

[Event "Budapest Spring Festival 2018"]
[Site "Budapest"]
[Date "2018.04.18"]
[Round "1"]
[White "Borsos, Bogdan"]
[Black "Repka, Christopher"]
[Result "0-1"]
[WhiteElo "2290"]
[BlackElo "2521"]
[Annotator "TA"]
[PlyCount "90"]
[EventDate "2018.??.??"]
[EventType "swiss"]
[EventCountry "HUN"]
[SourceTitle "playchess.com"]
[Source "ChessBase"]
[SourceQuality "1"]

{[%evp 13,90,0,19,-15,-15,-18,-6,-31,-37,-39,-40,-54,-51,-50,-32,-37,0,-5,0,0,15,-11,-20,-161,-162,-191,-188,-179,-165,-169,-88,-75,-77,-75,-91,-249,-167,-224,-258,-247,-103,-62,0,-149,-107,-305,-301,-428,-145,-114,-116,-377,553,524,562,-835,-739,-779,0,0,224,415,477,456,624,622,858,880,801,725,725,717,709,625,682,-672,-635,-29997,-29998]} 1. Nf3 Nf6 2. c4 e6 3. g3 d5 4. Bg2 Be7 5. O-O O-O 6. b3 c5 7. Bb2 Nc6 {LiveBook: 1217 Games} 8. Ne5 {A14: English Opening: 1...e6 with b3 by White} (8. e3 b6 9. Nc3 Bb7 10. cxd5 Nxd5 11. Nxd5 Qxd5 12. d4 Qf5 13. Ne5 Nxe5 14. Bxb7 Rad8 15. Qe2 Qd3 16. Rae1 Qxe2 17. Rxe2 Nd3 18. Ba1 cxd4 19. Bxd4 Bf6 20. Bxf6 gxf6 {1-0 (99) So,W (2788)-Dominguez Perez,L (2739) Saint Louis 2017}) 8... Nxe5 9. Bxe5 d4 10. Bxf6 {The position is equal.} (10. e3 {keeps more tension.} Nd7 11. exd4 f6 12. Bf4 cxd4 13. d3) 10... Bxf6 11. d3 Qc7 12. a3 $146 ({Predecessor:} 12. Nd2 Bd7 13. Rb1 Be7 14. a3 a5 15. Nf3 Rfd8 {½-½ (73) Nikolaev,N (2319)-Potkin,V (2512) St Petersburg 2001}) 12... Be7 13. Qd2 a5 14. a4 e5 15. Na3 Ra6 16. Nb5 Qd8 17. Bd5 Rh6 18. e4 (18. Ra2 $11 {and White stays safe.}) 18... Bh3 $19 19. Bxb7 Bxf1 20. Rxf1 Qd7 $36 {[%mdl 2048] Black is on the roll.} 21. Bd5 Bg5 ({Better is} 21... Qh3 $19 {[%csl Gh6][%cal Rh3h2]} 22. f3 Bg5 $1 {[%mdl 512]}) 22. f4 $17 exf4 23. gxf4 Be7 {[%cal Bg5e7,Be7f6,Bf6e5][%mdl 32]} 24. f5 $2 (24. e5 $17) 24... Bf6 25. Qxa5 (25. Qf4 $142 Qe7 26. Qd6) 25... Be5 $19 26. Rf2 g6 (26... Rh3 $19 {is more deadly.} 27. Qd2 Qe7) 27. Qd2 $17 Rh5 ({Black should try} 27... Rh4 $1 $15) 28. Qe2 (28. a5 $11 {remains equal.}) 28... Qd8 29. Rg2 $2 (29. Kh1 $17) 29... Kh8 $1 $19 30. Na7 (30. b4 $142 cxb4 31. Kh1) 30... Rg8 $2 (30... Bxh2+ $19 {and Black stays clearly on top.} 31. Rxh2 Qg5+ 32. Rg2 Qc1+ 33. Kf2 Rh1) 31. Nc6 {[#]} (31. Bxf7 Bxh2+ 32. Kf1 (32. Rxh2 Rg7 $17) 32... Rg7) 31... Bxh2+ $1 32. Kh1 $2 {[%mdl 8192]} (32. Rxh2 $2 gxf5+ 33. Rg2 (33. Kf1 Qg5 34. Qf2 Rxh2 35. Qxh2 Qc1+ 36. Ke2 Qc2+ 37. Kf3 Qxh2 38. Ne7 Qg2+ 39. Kf4 Qg3+ 40. Kxf5 Qg5#) 33... Rxg2+ 34. Qxg2 Qh4 $19) (32. Kf1 $17 Qc7 33. Qg4) 32... Qb6 $4 {[%mdl 8192]} (32... Qd6 $19 {and all is fine.} 33. Rxh2 (33. fxg6 Rh6 $19) 33... Qf4) 33. Rxh2 $18 Qxb3 34. Ne7 $4 {[%mdl 8192]} (34. Bxf7 $2 Qb1+ 35. Kg2 Rg5+ 36. Kh3 Rg7 $19) (34. Rxh5 $18 gxh5 35. Kh2) 34... Rb8 35. Kg2 Qb1 $2 (35... Rxh2+ $19 36. Kxh2 Qb1) 36. Kf3 $11 {[%cal Bg2f3,Bf3f4,Bf4e5][%mdl 32] Threatens to win with fxg6.} (36. Rxh5 $2 Rb2 $19) 36... Rg5 $2 {[#]} (36... Qg1 $11 37. Rxh5 gxh5) 37. Kf4 $1 $18 {[%cal Rf4g5]} (37. Bxf7 Qg1 $17) 37... Qg1 {[%csl Gg5][%cal Rg1g3]} 38. Qf2 Qg4+ 39. Ke5 Rb6 {[%csl Gb6][%cal Rf7f6]} 40. Bxf7 gxf5 41. Nxf5 Rg7 42. a5 Ra6 43. Be6 ({Not} 43. Nxg7 Qxg7+ 44. Kd5 Rf6 $18) 43... Re7 44. Nxd4 $4 {[%mdl 8192]} (44. Rh6 $18 Qg5 45. Qb2) 44... Raxe6+ $19 45. Kd5 {Black must now prevent Qf8+.} Re5+ {Precision: White = 28%, Black = 36%.} 0-1